000 00665nab a2200217 a 4500
001 16704
003 36089
005 20201118095538.0
008 ||||||n9999 ||| || ||
041 _aspa
245 0 _aCronologia: segundo semestre de 1991 :
_bprincipales sucesos en materia de integracion, pp.50-72
260 _aBuenos Aires :
_bInstituto para la Integracion de America Latina,
_c1992.
300 _app. 50-72
562 _e0
650 _aCRONOLOGIA
650 _aGRUPO ANDINO
650 _aINTEGRACIÓN ECONÓMICA
650 _aINTEGRACION REGIONAL INTERNACIONAL
773 _016700
_aIntegracion Latinoamericana - No.176
942 _cSART
999 _c16704
_d16704